Jak rozumět ukrajinským volbám: Tři (znovu) objevené pravdy
Dlhodobá politická kríza v Ukrajine a prezidentské voľby v r.2004. Kandidáti na prezidenta: prorusky orientovaný Janukovyč a opozičný Juščenko. Obvinenie vlády z volebných machinácií. Rozdelenie krajiny na východ a západ. USA a podpora prozápadne orientovanej Ukrajiny. Neujasnený prístup Európskej ú...
Salvato in:
| Autore principale: | |
|---|---|
| Natura: | Capitolo di libro |
| Lingua: | ceco |
| Soggetti: | |
| Tags: |
Nessun Tag, puoi essere il primo ad aggiungerne!!
|
MARC
| LEADER | 00000naa$a2200000$$$4500 | ||
|---|---|---|---|
| 001 | 0027570 | ||
| 005 | 20231016092045.8 | ||
| 041 | 0 | |a cze | |
| 044 | |a CZ | ||
| 245 | 1 | 0 | |a Jak rozumět ukrajinským volbám: Tři (znovu) objevené pravdy |c Petr Kratochvíl |
| 520 | |a Dlhodobá politická kríza v Ukrajine a prezidentské voľby v r.2004. Kandidáti na prezidenta: prorusky orientovaný Janukovyč a opozičný Juščenko. Obvinenie vlády z volebných machinácií. Rozdelenie krajiny na východ a západ. USA a podpora prozápadne orientovanej Ukrajiny. Neujasnený prístup Európskej únie. Zahraničnopolitická orientácia Ukrajiny po prezidentských voľbách. | ||
| 610 | 2 | 0 | |a voľby |
| 610 | 2 | 0 | |a referendum |
| 610 | 2 | 0 | |a prezidenti |
| 610 | 2 | 0 | |a výsledky volebné |
| 610 | 2 | 0 | |a rozvoj hospodársky |
| 610 | 2 | 0 | |a spolupráca medzinárodná |
| 610 | 2 | 0 | |a regióny |
| 610 | 2 | 0 | |a Ukrajina |
| 610 | 2 | 0 | |a Európska únia |
| 610 | 2 | 0 | |a Rusko |
| 610 | 2 | 0 | |a USA |
| 100 | 1 | |a Kratochvíl, Petr | |